00537nam a22001697a 450000500170000001000150001702000270003203500140005903700090007308200170008210000160009924501190011525000060023426000430024027000640028330000200034720260604122706.0 aENG-148745 a9788199367593c1250.00 aEN-132277 bDBAD a355.0095421 aDas, Gautam aLearning the Hard Way from India's Wars, Tactical Military Operations and Anti-Secessionist Campaigns/cGautam Das a1 aNew DelhibHar Anand Publicationc2026 aE-49/3, Okhla Industrial Area, Phase-II,bNew Delhie110020 a398p.c22cm(hb)